| 000 | 00536nam a2200181Ia 4500 | ||
|---|---|---|---|
| 008 | 230917s9999||||xx |||||||||||||| ||und|| | ||
| 020 | _cGBP29.99 | ||
| 040 |
_e235648 _aMAIN |
||
| 041 | _aEnglish | ||
| 082 | _a658.4092 P267L(2) | ||
| 100 | _aPassmore, Jonathan, ed. | ||
| 245 | 0 | _aLeadership coaching: Working with leaders to development performance | |
| 250 | _a2nd ed. | ||
| 260 |
_aLondon _bKogan Page _c2015 |
||
| 300 | _axxii, 359 p. | ||
| 500 | _a2447 07/11/2016 HBD16/6706 07/11/2016 IMSAR (Dev. & Research) | ||
| 942 | _cBK | ||
| 999 |
_c19728 _d19728 |
||